01021cam a22003011 4500999001500000001000800015003000400023005001700027008004100044010001700085015001300102035001800115040002900133042001200162050001500174082001900189100003500208245012900243260003500372300004000407440005100447504003200498650002600530651002600556700004800582906004500630942004400675 c9379d93797537886OSt20200104120126.0740816s1966 enka b 000 0 eng  a 66071959  aB66-1823 a(OCoLC)977913 aDLCcOTUdOCoLCdUkdDLC apremarc00aHD82b.B52 a338.942bBIR/P aBirmingham, Walter eed.9105110aPlanning and growth in rich and poor countries;cedited by Walter Birmingham and A.G. Ford, foreword by Professor R.L. Meek. aLondon,bAllen & Unwin,c1966. a2-267 p.btables, 2 diagrs.c22 cm. 0aMinerva series of students' handbooks,vno. 16 aBibliography: p. [262]-263. 0aEconomic development. 0aDeveloping countries.1 aFord, A. G.q(Alec George)ejoint ed.91078 a7bcbccoclcrplduencipf19gy-gencatlg 2ddccBKh338.942iBIR/Pk338.942mBIR/P